000 00856cam a2200277 4500
001 4564617
003 ARRUPE
005 20140402111706.0
008 730920s1973 enkbc b 001 0beng
010 _a 73169512
015 _aGB73-11979
020 _a0718819152
040 _aDLC
_cDLC
_dDLC
050 0 0 _aSPC DT731.L8
_bN59 1973
082 0 0 _a916.7/04
_aB
100 1 _aNorthcott, Cecil,
_d1902-
_99653
245 0 0 _aDavid Livingstone--his triumph, decline and fall,
_cby Cecil Northcott.
260 _aGuildford,
_bLutterworth,
_c1973.
300 _a140 p., [3] leaves (2 fold.).
_b4 maps (3 col.), port.
_c23 cm.
350 _a$2.75
500 _aIncludes index.
504 _aBibliography: p. 131-133.
600 1 0 _aLivingstone, David,
_d1813-1873.
_99654
906 _a7
_bcbc
_corignew
_d3
_encip
_f19
_gy-gencatlg
942 _2lcc
_cMONOGRAPH
999 _c120341
_d120341